000
00291nam a22001337a 4500
008
170921b xxu||||| |||| 00| 0 eng d
020
_a
9780131584150
041
_a
eng
080
_2
2ND
_a
78
100
_a
45
101
_a
MUZ
245
_a
ELEMENTS OF MUSIC
_c
STRAUS,J,N
942
_2
udc
_c
BK
999
_c
28764
_d
28764